"A million dollar joke", (Record no. 17778)

MARC details
000 -LEADER
fixed length control field 00568cam a22002051 4500
001 - CONTROL NUMBER
control field ca 35000325
003 - CONTROL NUMBER IDENTIFIER
control field DLC
005 - DATE AND TIME OF LATEST TRANSACTION
control field 20260227111137.0
008 - FIXED-LENGTH DATA ELEMENTS--GENERAL INFORMATION
fixed length control field 791005s1934 mnu 000 0 eng
010 ## - LIBRARY OF CONGRESS CONTROL NUMBER
LC control number ca 35000325
035 ## - SYSTEM CONTROL NUMBER
System control number (OCoLC)5472734
040 ## - CATALOGING SOURCE
Original cataloging agency DLC
Transcribing agency OCl
Modifying agency DLC
042 ## - AUTHENTICATION CODE
Authentication code premarc
050 00 - LIBRARY OF CONGRESS CALL NUMBER
Classification number PS3531.H37
Item number M5 1934
082 ## - DEWEY DECIMAL CLASSIFICATION NUMBER
Classification number 812.5
100 1# - MAIN ENTRY--PERSONAL NAME
Personal name Phelps, Pauline.
245 13 - TITLE STATEMENT
Title "A million dollar joke",
Remainder of title a comedy in three acts,
Statement of responsibility, etc. by Pauline Phelps.
260 ## - PUBLICATION, DISTRIBUTION, ETC.
Place of publication, distribution, etc. Minneapolis, Minn.,
Name of publisher, distributor, etc. The Northwestern press,
Date of publication, distribution, etc. c1934.
300 ## - PHYSICAL DESCRIPTION
Extent 83 p.
Dimensions 19 cm.

No items available.

Powered by Koha